Piłkarze Stali Mielec - nagła śmierć - Statystyki

Ogólne statystyki
  • Ten quiz został rozwiązany 36 razy
  • Średni wynik to 10 z 20
Answers on the Grid
Answers color-coded by a green-red scale on the quiz's grid according to % correct below.
Mateusz Żyro
Michał Żyro
Szymon Czyż
Jakub Arak
Jakub Mądrzyk
Daniel Ściślak
Michał Janota
Maciej Ambrosiewicz
Dawid Kort
Patryk Stępiński
Piotr Wlazło
Kacper Sezonienko
Krystian Pomorski
Rafał Grodzicki
Mateusz Sopoćko
Tomasz Tułacz
Dominik Sokół
Sebastian Bergier
Filip Borowski
Petteri Forsell
Mateusz Praszelik
Robert Dadok
Wojciech Hajda
Marcin Flis
Jakub Czerwiński
Łukasz Gerstenstein
Patryk Sokołowski
Krzysztof Drzazga
Krzysztof Kamiński
Oskar Zawada
Grzegorz Sandomierski
Mateusz Cholewiak
Konrad Forenc
Rafał Kurzawa
Fryderyk Gerbowski
Kamil Pestka
Damian Zbozień
Krystian Getinger
Kamil Dankowski
Michał Gliwa
 
Statystyki odpowiedzi
Odpowiedź % Poprawnych
Mateusz Żyro
96%
Piotr Wlazło
72%
Jakub Mądrzyk
64%
Robert Dadok
64%
Marcin Flis
60%
Michał Żyro
60%
Petteri Forsell
60%
Krystian Getinger
56%
Łukasz Gerstenstein
56%
Fryderyk Gerbowski
52%
Dawid Kort
44%
Michał Gliwa
44%
Jakub Arak
40%
Mateusz Cholewiak
36%
Michał Janota
36%
Oskar Zawada
36%
Tomasz Tułacz
36%
Rafał Grodzicki
28%
Krzysztof Drzazga
20%
Sebastian Bergier
12%
Nie znaleziono quizów pasujących do podanych kryteriów
Rozkład punktacji
Procent ludzi z każdym wynikiem
Percentyl według liczby udzielonych odpowiedzi
Twoja historia wyników
Nie rozwiązałeś tego quizu